000 00658nam a2200217Ia 4500
003 OSt
005 20220926045347.0
006 a|||||r|||| 00| 0
007 ta
008 220923b |||||||| |||| 00| 0 eng d
037 _cGeneral Book
040 _aRTL
_cRTL
_beng
041 _2eng
_aeng
082 _aX.242s, L7/GD
110 _aHaryana, Planning Department, Economic and Statistical Organisation
_9350137
245 0 _aEconomic Census
_b Provisional
260 _c1977
700 _aHaryana, Planning Department, Economic and Statistical Organisation
_9350138
942 _hX.242s, L7/GD
_cGB
_2CC
999 _c677446
_d677446